<?xml version="1.0" encoding="UTF-8"?>
<collection xmlns:xsi="http://www.w3.org/2001/XMLSchema-instance" xsi:schemaLocation="http://www.loc.gov/MARC21/slim http://www.loc.gov/standards/marcxml/schema/MARC21slim.xsd" xmlns="http://www.loc.gov/MARC21/slim">
 <record>
  <leader>00000cab a22000004cb4500</leader>
  <controlfield tag="001">IPP-00000656682</controlfield>
  <controlfield tag="003">IPP</controlfield>
  <controlfield tag="005">20230503190408.0</controlfield>
  <controlfield tag="008">230503s2003    xx     d | ||r |||||eng||</controlfield>
  <datafield tag="041" ind1="#" ind2="#">
   <subfield code="a">eng</subfield>
  </datafield>
  <datafield tag="100" ind1="1" ind2="#">
   <subfield code="a">Amparo, J. S.</subfield>
  </datafield>
  <datafield tag="245" ind1="1" ind2="0">
   <subfield code="a">Exploring the role of social capital in the conduct of initial site assessments of polluted sites in the Philippines</subfield>
  </datafield>
  <datafield tag="264" ind1="#" ind2="1">
   <subfield code="c">2003</subfield>
  </datafield>
  <datafield tag="520" ind1="#" ind2="#">
   <subfield code="a">This study described and analyzed the role of social capital in the conduct of the Blacksmith Institute's Global Inventory Project site assessment protocol in the Philippines. Information of the location and background of these sites came from a variety of sources, including government, environmental NGOs, academic institutions, community groups and industry associations. 75% of used lead-acid battery recycling sites assessed were referred by the industry. More than 40% of artisanal  and gold-mining sites were referred by regional government and local contacts. Social capital has played an important role in the conduct of the Blacksmith Institute's initial site assessment protocol. Relationships and network within the group and among different organizations build an expand the social  capital of the team and facilitate the site assessment process by making it easier to coordinate with local authorities and gain better access to research, data and key persons. It also encourages local stakeholders to take ownership of assessment process by making it easier to coordinate with local authorities and gain better access  to research, data and key persons. It also encourages local stakeholders to take ownership of assessment findings, sometimes leading to the mobilization of various community sectors in reviewing and planning interventions to address specific health and pollution issues.</subfield>
  </datafield>
  <datafield tag="650" ind1="1" ind2="0">
   <subfield code="a">Social capital</subfield>
  </datafield>
  <datafield tag="700" ind1="1" ind2="#">
   <subfield code="a">Mendoza, M. E. T.</subfield>
  </datafield>
  <datafield tag="700" ind1="1" ind2="#">
   <subfield code="a">Visco, E. S.</subfield>
  </datafield>
  <datafield tag="700" ind1="1" ind2="#">
   <subfield code="a">Jimena, C. G.</subfield>
  </datafield>
  <datafield tag="773" ind1="0" ind2="#">
   <subfield code="t">Compendium of Human Ecology Researches in the Philippines</subfield>
   <subfield code="g">(2003 - 2013), 27</subfield>
  </datafield>
  <datafield tag="942" ind1="#" ind2="#">
   <subfield code="a">Article</subfield>
  </datafield>
  <datafield tag="950" ind1="#" ind2="#">
   <subfield code="a">FI</subfield>
  </datafield>
 </record>
</collection>
